000
00278nam a2200133Ia 4500
008
231129s1968||||xx |||||||||||||| ||spa||
040
_b
spa
082
_a
878.01 T118a
100
_a
Tacito.
245
0
_a
Los anales
260
_c
1968
264
_a
Jackson
942
_2
ddc
_c
BKS
999
_c
19475
_d
19475